Waste oil recovery and disposal /

Saved in:
Bibliographic Details
Main Author: Kimball, Vaughn S.
Format: Book
Language:English
Published: Park Ridge, N.J. : Noyes Data Corp., 1975.
Series:Pollution technology review ; no. 20
Subjects:
LEADER 00884nam a2200241 i 4500
001 c000143608
003 CARM
005 00000000000000.0
008 751006s1975 njua 00010 eng
019 1 |a 738929  |5 LACONCORD2021 
020 |a 0815505825 :  |c $24.00 
035 |a (OCoLC)1818139  |5 LACONCORD2021 
050 0 0 |a TD800  |b .K55 
100 1 |a Kimball, Vaughn S. 
245 1 0 |a Waste oil recovery and disposal /  |c Vaughn S. Kimball. 
260 |a Park Ridge, N.J. :  |b Noyes Data Corp.,  |c 1975. 
300 |a x, 270 p. :  |b ill. ;  |c 25 cm. 
440 0 |a Pollution technology review ;  |v no. 20 
650 0 |a Petroleum waste  |x Recycling. 
852 8 |b CARM  |h A2:AD05E0  |i C01617  |p 0083970  |f BK 
082 0 4 |a 628.4 
999 f f |i 62100378-88c7-5d90-892e-661603991571  |s aeaf0c38-2fa2-5eee-8d48-15a58e450803 
952 f f |p Can circulate  |a CAVAL  |b CAVAL  |c CAVAL  |d CARM 1 Store  |e C01617  |f A2:AD05E0  |h Other scheme  |i book  |m 0083970